[Event "Wielkopolska III Liga Juniorow 2016"]
[Site "Gniezno"]
[Date "1899-12-30"]
[Round "5.19"]
[White "Ciesinska, Weronika"]
[Black "Walkowski, Milosz"]
[Result "0-1"]
[WhiteTitle "I"]
[BlackTitle "I"]
[WhiteElo "1697"]
[BlackElo "1694"]

1. e4 c6 2. d4 d5 3. Nc3 dxe4 4. Nxe4 Bf5 5. Ng3 Bg6 6. Nf3 Nd7 7. Bd3 Qc7 8. O-O
e6 9. c3 Bd6 10. Ne4 Bxe4 11. Bxe4 Ngf6 12. Qc2 O-O 13. Re1 c5 14. h3 Rac8 15.
Be3 Qb6 16. Rad1 h6 17. Qb1 Nxe4 18. Qxe4 Nf6 19. Qb1 Nd5 20. Rd2 Nxe3 21. fxe3
Rfd8 22. Red1 cxd4 23. exd4 Qc6 24. Re2 b5 25. a3 a5 26. Ne5 Bxe5 27. Rxe5 b4
28. axb4 axb4 29. Rc5 Qb6 30. Rxc8 Rxc8 31. Qd3 e5 32. Kh1 bxc3 33. bxc3 Qb3 34.
Rb1 Qxc3 35. Qxc3 Rxc3 36. dxe5 Re3 37. Rb8+ Kh7 38. Re8 Kg6 39. Re7 h5 40. Kg1
Re2 41. Kf1 Rd2 42. e6 fxe6 43. Rxe6+ Kf5 44. Ra6 g5 45. Ra5+ Kf4 46. Ra4+ Kg3
47. Ra3+ Kh2 48. g4 hxg4 49. hxg4 Rd4 50. Ra8 Rxg4 51. Rh8+ Kg3 52. Rh7 Rf4+ 53.
Kg1 Rc4 54. Kf1 g4 55. Rg7 Rc3 56. Rg8 Rc1+ 57. Ke2 Kh3 58. Rh8+ Kg2 59. Rg8 Rc4
60. Rg7 Re4+ 61. Kd1 g3 62. Kd2 Kf2 63. Rf7+ Kg1 64. Rg7 Kg2 65. Rg8 Kh3 66. Rh8+
Rh4 67. Rg8 g2 68. Ke2 Kh2 69. Kf2 Rf4+ 70. Ke3 Ra4 71. Rh8+ Kg1 72. Ke2 Re4+
73. Kd3 Kf1 74. Rg8 Re2 75. Rg7 Rf2 76. Ra7 g1=Q 77. Ra1+ Kg2 78. Rxg1+ Kxg1 0-1

[Event "Wielkopolska III Liga Juniorow 2016"]
[Site "Gniezno"]
[Date "1899-12-30"]
[Round "5.20"]
[White "Walkowski, Jonasz"]
[Black "Kaluzny, Jan"]
[Result "1-0"]
[WhiteTitle "II"]
[BlackTitle "II"]
[WhiteElo "1497"]
[BlackElo "1425"]

1. Nf3 d5 2. e3 Nf6 3. b3 Bf5 4. Bb2 e6 5. Be2 h6 6. O-O c6 7. Ne5 Be7 8. f4 Nbd7
9. d4 O-O 10. c4 Nxe5 11. fxe5 Ne4 12. Bd3 Bh4 13. Bxe4 Bxe4 14. Nc3 Bf5 15. cxd5
cxd5 16. Qf3 Qb6 17. Nxd5 Qa5 18. Nc3 Qb4 19. g3 Be7 20. Nd5 exd5 21. Qxf5 Qd2
22. Qf2 Qd3 23. Rad1 Qa6 24. Ra1 f6 25. Qg2 Qe6 26. exf6 Rxf6 27. Rxf6 Bxf6 28.
Re1 Re8 29. Qf3 Bg5 30. Bc1 Bf6 31. Bd2 Rf8 32. Qg2 Re8 33. h4 Qf5 34. Rf1 Qe6
35. Qf3 Kh8 36. Qf5 Qd6 37. Kg2 Qc6 38. Rf2 Qd6 39. Kh3 Rf8 40. Qg6 Qe6+ 41. g4
Qe8 42. Qxe8 Rxe8 43. Rf5 Rd8 44. Bb4 a6 45. g5 hxg5 46. hxg5 Bxd4 47. exd4 Rd7
48. Kg4 Kh7 49. Re5 Kg6 50. Re6+ Kf7 51. Kf5 g6+ 52. Rxg6 Ke8 53. Ke6 Kd8 54.
Bc5 Kc8 55. Rg8+ Rd8 56. Rxd8+ 1-0

[Event "Wielkopolska III Liga Juniorow 2016"]
[Site "Gniezno"]
[Date "1899-12-30"]
[Round "5.21"]
[White "Lewandowski, Witold"]
[Black "Lorenz, Rafal"]
[Result "1-0"]
[WhiteTitle "II"]
[BlackTitle "II"]
[WhiteElo "1416"]
[BlackElo "1266"]

1. e4 e5 2. Nf3 Nc6 3. Bc4 Bc5 4. c3 d6 5. d3 h6 6. O-O Nf6 7. Bb3 O-O 8. h3 Qe7
9. Re1 Be6 10. Bc2 Rad8 11. a3 Qd7 12. d4 exd4 13. cxd4 Bb6 14. d5 Bxd5 15. exd5
Ne7 16. Nc3 Ng6 17. Ne4 Nh5 18. Nh2 Nhf4 19. Bxf4 Nxf4 20. Qf3 Nxd5 21. Bb3 Ne7
22. Ng4 Kh8 23. Nef6 1-0

[Event "Wielkopolska III Liga Juniorow 2016"]
[Site "Gniezno"]
[Date "1899-12-30"]
[Round "5.22"]
[White "Grabsztunowicz, Agnieszka"]
[Black "Lazniewska, Zofia"]
[Result "1-0"]
[WhiteTitle "II"]
[BlackTitle "II"]
[WhiteElo "1009"]
[BlackElo "1261"]

1. e4 e5 2. Nf3 Nc6 3. Nc3 Nf6 4. Bc4 Bc5 5. d3 h6 6. h3 d6 7. Be3 Bb6 8. O-O O-O
9. Nd5 Be6 10. a3 Ne7 11. Nxe7+ Qxe7 12. Bb3 a5 13. Qd2 a4 14. Ba2 Ba5 15. c3
Bxa2 16. Rxa2 Qe6 17. Raa1 Kh7 18. Rab1 c6 19. Qe2 d5 20. Bg5 Rg8 21. Bxf6 gxf6
22. Kh2 Rg7 23. Rg1 Rag8 24. d4 exd4 25. Nxd4 Qe5+ 26. g3 dxe4 27. Rbe1 c5 28.
Nc2 Qf5 29. Qxe4 Qxe4 30. Rxe4 f5 31. Rxa4 Bc7 32. f4 h5 33. h4 Bb6 34. b4 cxb4
35. Rg2 bxc3 36. Rc4 Ba5 37. Nb4 Bd8 38. Kh3 Bf6 39. Nd5 Rg6 40. Nxf6+ Rxf6 41.
Rxc3 Ra8 42. Rb3 Ra7 43. Re2 b6 44. Re5 Kg6 45. Reb5 Kg7 46. Rxb6 Rxb6 47. Rxb6
Rxa3 48. Rb5 Kg6 49. Rb6+ f6 50. Rb1 Kf7 51. Rb6 Ra2 52. Rc6 Ke7 53. Rb6 Rc2 54.
Ra6 Kd7 55. Rb6 Kc7 56. Rb5 Kc6 57. Rxf5 Rc5 58. Rxf6+ Kd5 59. Rf5+ Kd4 60. Rxc5
Kxc5 61. g4 hxg4+ 62. Kxg4 Kd6 63. h5 Ke7 64. h6 Kf7 65. Kg5 Kg8 66. f5 Kh8 67.
Kf6 Kg8 68. Ke7 Kh7 69. f6 Kg6 70. f7 Kf5 71. f8=Q+ Ke4 72. h7 Ke3 73. h8=R Ke4
74. Rh5 Ke3 75. Rh3+ Ke2 76. Rh2+ Kd1 77. Qf1# 1-0

[Event "Wielkopolska III Liga Juniorow 2016"]
[Site "Gniezno"]
[Date "1899-12-30"]
[Round "5.23"]
[White "Walkowiak, Bogumila"]
[Black "Janiszewska, Karolina"]
[Result "1-0"]
[WhiteTitle "II"]
[BlackTitle "III"]
[WhiteElo "1337"]
[BlackElo "1006"]

1. e4 e5 2. Nf3 Nc6 3. Bc4 Bc5 4. d3 d6 5. h3 h6 6. Nc3 Nf6 7. O-O O-O 8. Be3 Bb6
9. Qd2 Ba5 10. a3 Be6 11. Bxe6 fxe6 12. b4 Bb6 13. d4 exd4 14. Nxd4 e5 15. Ne6
Qe7 16. Nxf8 Rxf8 17. Bxb6 axb6 18. Qd3 Qe6 19. Nd5 Qf7 20. c3 Nh5 21. Qe3 Ne7
22. Nxe7+ Qxe7 23. g3 Qe6 24. Kh2 Qd7 25. Rad1 Qe6 26. Qd3 Qd7 27. Qd5+ Kh8 28.
Rd3 c6 29. Qxd6 Qf7 30. Qxe5 Qa2 31. Kg2 Qc4 32. Rd7 Qe2 33. Rxb7 Qf3+ 34. Kg1
Kh7 35. Rd7 Rf6 36. Rd6 Nxg3 37. Qxg3 Qf4 38. Qxf4 Rxf4 39. Re1 h5 40. e5 c5 41.
bxc5 bxc5 42. e6 Kg8 43. e7 Rf8 44. exf8=Q+ Kxf8 45. Rd7 Kg8 46. Ree7 Kh7 47.
Rxg7+ Kh6 48. Rg3 c4 49. Rd6+ Kh7 50. Rg5 h4 51. Rdg6 Kh8 52. Rh6# 1-0

[Event "Wielkopolska III Liga Juniorow 2016"]
[Site "Gniezno"]
[Date "1899-12-30"]
[Round "5.24"]
[White "Grabsztunowicz, Monika"]
[Black "Miranowska, Anna"]
[Result "1-0"]
[WhiteTitle "II"]
[BlackTitle "II"]
[WhiteElo "1047"]
[BlackElo "1089"]

1. e4 c6 2. d4 d5 3. Nc3 dxe4 4. Nxe4 Bf5 5. Ng3 Bg6 6. Be3 e6 7. Nf3 Nd7 8. c4
c5 9. Bd3 Bxd3 10. Qxd3 Ngf6 11. Ne4 b6 12. d5 exd5 13. cxd5 Nxe4 14. Qxe4+ Qe7
15. Qa4 g6 16. O-O Bg7 17. Rfb1 O-O 18. b3 Nf6 19. Rd1 Rfd8 20. Qc4 Qe4 21. Rd2
Rxd5 22. Qxe4 Nxe4 23. Rxd5 Nc3 24. Rd2 a5 25. a3 h6 26. Rd6 Rb8 27. Re1 a4 28.
bxa4 Nxa4 29. Rb1 b5 30. Rd5 Nc3 31. Rxc5 Nxb1 32. Bc1 Nc3 33. Bf4 Rd8 34. Kf1
Rd7 35. Be5 Bxe5 36. Rxe5 Kg7 37. Rc5 Nb1 38. Rxb5 Nxa3 39. Re5 Nc4 40. Re1 Kf6
41. g4 g5 42. Kg2 Kg6 43. Rc1 Rc7 44. Ne5+ Kf6 45. Nxc4 Ke6 46. Rc2 Kd5 47. Ne3+
Kd6 48. Rxc7 Kxc7 49. Kf3 Kd6 50. Ke4 Ke6 51. f4 f6 52. f5+ Kf7 53. Ng2 Ke7 54.
h4 Kf7 55. hxg5 hxg5 56. Kd5 Ke7 57. Ne3 Kd7 58. Nc4 Ke7 59. Kc6 Kf7 60. Kd7 Kg7
61. Ke6 Kh7 62. Kxf6 Kh6 63. Kf7 Kh7 64. f6 Kh8 65. Ke8 Kh7 66. f7 Kg6 67. f8=Q
Kh7 68. Qf6 Kg8 69. Ke7 Kh7 70. Qxg5 Kh8 71. Kf7 Kh7 72. Qg7# 1-0

[Event "Wielkopolska III Liga Juniorow 2016"]
[Site "Gniezno"]
[Date "1899-12-30"]
[Round "5.26"]
[White "Zurawski, Kamil"]
[Black "Waszkowiak, Kinga"]
[Result "1-0"]
[WhiteTitle "I"]
[BlackTitle "III"]
[WhiteElo "1673"]
[BlackElo "1022"]

1. e4 c5 2. Nc3 d6 3. f4 g6 4. Nf3 Bg7 5. Bc4 Nc6 6. O-O e6 7. d3 Nge7 8. Qe1 Na5
9. Bb5+ Nac6 10. f5 O-O 11. Qh4 exf5 12. Bh6 a6 13. Bc4 Bd4+ 14. Nxd4 Nxd4 15.
Qf6 Ne6 16. Bxe6 fxe6 17. Qg7# 1-0

[Event "Wielkopolska III Liga Juniorow 2016"]
[Site "Gniezno"]
[Date "1899-12-30"]
[Round "5.27"]
[White "Stachecki, Mikolaj"]
[Black "Kaminski, Antoni"]
[Result "0-1"]
[WhiteTitle "II"]
[BlackTitle "II"]
[WhiteElo "1317"]
[BlackElo "1537"]

1. e4 c5 2. Nc3 g6 3. f4 Bg7 4. Nf3 Nc6 5. Bc4 a6 6. a4 e6 7. d3 Nge7 8. Qe2 O-O
9. O-O f5 10. e5 d5 11. exd6 Qxd6 12. Ng5 Nd4 13. Qf2 Bd7 14. Re1 Nec6 15. Nf3
Nxf3+ 16. gxf3 Nd4 17. Bb3 Bc6 18. Re3 Nxb3 19. cxb3 Bd4 20. Ne2 Bxe3 21. Qxe3
Rad8 22. Bd2 Rfe8 23. Bc3 Qd5 24. Rf1 b5 25. b4 cxb4 26. Bd4 bxa4 27. h4 Bb5 28.
Rf2 a3 29. b3 a2 30. Rf1 Rc8 31. Kf2 Rc2 32. Rg1 Rd8 33. Rc1 Rxc1 34. Qxc1 Bxd3
35. Qc7 Rd7 36. Qc8+ Rd8 37. Qc7 Qd7 38. Qe5 Bxe2 39. Qh8+ Kf7 40. Qf6+ Ke8 41.
Qh8+ Ke7 42. Bf6+ Kd6 43. Bxd8 Bb5 44. Ba5 Qa7+ 45. Kg2 Qd7 46. Bxb4+ Kc7 47.
Qe5+ Kb7 48. Qb2 Qd3 49. Qxa2 Qe2+ 50. Qxe2 Bxe2 51. Kf2 Bd1 52. Ke3 Bxb3 53.
Kd4 Kc6 54. Ke5 Bd5 55. Kf6 Kb5 56. Bd6 a5 57. Be5 a4 58. Kg7 Bxf3 59. Kxh7 Bh5
60. Kg7 a3 61. Kf6 a2 62. Kxe6 Kc4 63. Kd6 Kb3 64. Kd5 Kc2 65. Kc4 Kb1 66. Kd3
a1=Q 67. Bxa1 Kxa1 68. Kd2 Kb2 69. Ke3 Kc3 70. Kf2 Kd2 71. Kg2 Kd3 72. Kg3 Ke4
73. Kg2 Kxf4 74. Kf2 Kg4 75. Kg2 Kxh4 76. Kh2 f4 77. Kh1 Kg3 78. Kg1 f3 79. Kh1
g5 80. Kg1 f2+ 81. Kf1 Be2+ 82. Kxe2 0-1

[Event "Wielkopolska III Liga Juniorow 2016"]
[Site "Gniezno"]
[Date "1899-12-30"]
[Round "5.28"]
[White "Lepski, Maksymilian"]
[Black "Rosenfeld, Noe"]
[Result "0-1"]
[WhiteTitle "II"]
[BlackTitle "II"]
[WhiteElo "1411"]
[BlackElo "1273"]

1. d4 Nf6 2. c4 e6 3. Nc3 Bb4 4. Qc2 c5 5. dxc5 Bxc5 6. Bg5 Bxf2+ 7. Kxf2 Ng4+
8. Ke1 Qxg5 9. Nh3 Qe3 10. Rd1 Nc6 11. Nb5 Qe5 12. Nd6+ Ke7 13. Nxc8+ Raxc8 14.
Qb3 Qa5+ 15. Rd2 Qb4 16. Qg3 Nge5 17. b3 Ng6 18. Nf4 Nxf4 19. Qxf4 Ke8 20. Qg5
Kf8 21. Qf4 Ke7 22. Qg5+ Kf8 23. Qf4 h6 24. h4 Ke7 25. Rh3 d5 26. Rf3 Rhf8 27.
cxd5 Qxf4 28. Rxf4 Ne5 29. Ra4 a6 30. Rb4 b5 31. e4 f5 32. exf5 Rxf5 33. Re4 Rc1+
0-1

[Event "Wielkopolska III Liga Juniorow 2016"]
[Site "Gniezno"]
[Date "1899-12-30"]
[Round "5.29"]
[White "Kubiak, Aleksandra"]
[Black "Nawrocka, Edyta"]
[Result "0-1"]
[WhiteTitle "II"]
[BlackTitle "II"]
[WhiteElo "1267"]
[BlackElo "1115"]

1. b4 e5 2. a3 d5 3. Bb2 Bd6 4. Nf3 Qe7 5. e3 Bf5 6. c4 c6 7. cxd5 cxd5 8. Nc3
Nf6 9. Nb5 Nbd7 10. Nxd6+ Qxd6 11. Rc1 O-O 12. Be2 Rac8 13. O-O Rfe8 14. Qa4 a6
15. Qb3 b5 16. Rfd1 Bg4 17. h3 Bh5 18. Rc2 h6 19. Rdc1 Rxc2 20. Rxc2 e4 21. Nd4
Bxe2 22. Rc6 Bc4 23. Qxc4 Ne5 24. Qc2 Nxc6 25. Nxc6 Qc7 26. Qc5 Re6 27. Nd4 Qxc5
28. bxc5 Re8 29. Nc6 Kf8 30. Bd4 Rc8 31. Na5 Nd7 32. Nb3 g6 33. Kf1 Ke8 34. Ke2
Kd8 35. d3 f5 36. Kd2 Kc7 37. Kc3 Nb8 38. Be5+ Kd7 39. d4 Nc6 40. Bd6 a5 41. Kc2
a4 42. Nc1 Na5 43. Na2 Nc4 44. Bg3 Nxa3+ 45. Kc3 Kc6 46. Nb4+ Kb7 47. Nxd5 Rg8
48. Nb6 Ka6 49. Be5 Ka5 50. d5 b4+ 51. Kb2 Nb5 52. Nc4+ Ka6 53. Nd6 Nc3 0-1

[Event "Wielkopolska III Liga Juniorow 2016"]
[Site "Gniezno"]
[Date "1899-12-30"]
[Round "6.1"]
[White "Adamczewski, Maciej"]
[Black "Raczynski, Krzysztof"]
[Result "1/2-1/2"]
[WhiteTitle "I++"]
[BlackTitle "I++"]
[WhiteElo "1949"]
[BlackElo "2088"]

1. d4 Nf6 2. c4 g6 3. Nc3 Bg7 4. g3 O-O 5. Bg2 d6 6. Nf3 Nc6 7. O-O Bg4 8. d5 Na5
9. Qd3 c5 10. h3 Bd7 11. e4 e5 12. Bd2 a6 13. Rab1 b5 14. b3 Rb8 15. Be3 bxc4
16. bxc4 Nh5 17. Rxb8 Qxb8 18. Rb1 Qc7 19. Qe2 Rb8 20. Bf1 Rb4 21. Nd2 Qb8 22.
Qd1 Be8 23. Be2 Nf4 24. Bf1 Bd7 25. Kh2 h6 26. Qc2 g5 27. a3 Rb7 28. Rxb7 Qxb7
29. f3 Ng6 30. Bd3 Kf8 31. Qb1 Bf6 32. Qxb7 Nxb7 33. Bc2 Ke8 34. Ba4 h5 35. Bxd7+
Kxd7 36. Nb3 Bd8 37. Na4 Kc8 38. Bd2 Kd7 39. Nb2 h4 40. Nd1 hxg3+ 41. Kxg3 f6
42. a4 Ke7 43. Ne3 Nh4 44. Be1 Kf7 45. Kg4 Ng6 46. Ng2 Bc7 47. h4 gxh4 48. Nxh4
Nxh4 49. Kxh4 Kg6 50. Kg4 Bd8 51. f4 Bc7 52. f5+ Kf7 53. Kf3 Bd8 54. Bd2 Kg7 55.
Ke2 Kf7 56. Kd3 Bc7 1/2-1/2

[Event "Wielkopolska III Liga Juniorow 2016"]
[Site "Gniezno"]
[Date "1899-12-30"]
[Round "6.2"]
[White "Zurawski, Kamil"]
[Black "Janiszewski, Filip"]
[Result "1/2-1/2"]
[WhiteTitle "I"]
[BlackTitle "I"]
[WhiteElo "1673"]
[BlackElo "1922"]

1. e4 c5 2. Nc3 e6 3. f4 Nc6 4. Nf3 Nge7 5. Bb5 a6 6. Bxc6 Nxc6 7. O-O d5 8. d3
g6 9. f5 d4 10. fxe6 Bxe6 11. Ne2 Be7 12. a3 f6 13. Qe1 Qd7 14. Nf4 Ne5 15. h3
O-O-O 16. Nxe6 Qxe6 17. Bf4 Rhf8 18. Qg3 Bd6 19. Bxe5 Bxe5 20. Nxe5 Qxe5 21. Qxe5
fxe5 22. Rxf8 Rxf8 23. Rf1 Rxf1+ 24. Kxf1 b5 25. Ke2 Kd7 26. Kf3 Ke6 27. Kg4 Kf6
28. h4 a5 29. b3 1/2-1/2

[Event "Wielkopolska III Liga Juniorow 2016"]
[Site "Gniezno"]
[Date "1899-12-30"]
[Round "6.3"]
[White "Skurniak, Szymon"]
[Black "Kaminski, Antoni"]
[Result "0-1"]
[WhiteTitle "I"]
[BlackTitle "II"]
[WhiteElo "1630"]
[BlackElo "1537"]

1. e4 c5 2. Nf3 g6 3. d4 cxd4 4. Nxd4 Nc6 5. Be3 Bg7 6. c4 Nf6 7. Nc3 O-O 8. Be2
d6 9. O-O Bd7 10. f3 Qb6 11. Ncb5 a6 12. Nc2 Qd8 13. Nbd4 Nxd4 14. Bxd4 Bc6 15.
Qd2 Re8 16. Rac1 Qd7 17. Nb4 Rad8 18. Rc2 e6 19. Rd1 Qe7 20. Qe3 Rd7 21. Rcd2
Rb8 22. c5 d5 23. Be5 Rc8 24. Bd6 Rxd6 25. cxd6 Qxd6 26. Nxc6 Qxc6 27. Kf1 Bf8
28. Qg5 Kg7 29. e5 Nd7 30. h4 Qc5 31. h5 Be7 32. h6+ Kg8 33. Qg3 Nb6 34. b3 Qb4
35. Qf2 Nd7 36. f4 Rc3 37. Rd4 Qa3 38. Ra4 Qb2 39. Bd3 Qxf2+ 40. Kxf2 Nb6 41.
Ra5 Bb4 42. Ra4 Nxa4 43. bxa4 Bf8 44. g3 Bxh6 45. Ke3 Bf8 46. Rb1 Ra3 47. Rxb7
Rxa4 48. Rb2 Bc5+ 49. Ke2 Kg7 50. Kf3 Ra3 51. Ke2 a5 52. g4 Bg1 53. Rc2 Bh2 54.
Ke3 Bxf4+ 55. Kxf4 Rxd3 56. g5 Rd4+ 57. Kg3 Re4 58. Rc5 a4 59. Ra5 Re3+ 60. Kf4
Ra3 61. Ra8 Rxa2 0-1

[Event "Wielkopolska III Liga Juniorow 2016"]
[Site "Gniezno"]
[Date "1899-12-30"]
[Round "6.4"]
[White "Lepski, Maksymilian"]
[Black "Ochedzan, Tymon"]
[Result "0-1"]
[WhiteTitle "II"]
[BlackTitle "II+"]
[WhiteElo "1411"]
[BlackElo "1589"]

1. d4 Nf6 2. c4 g6 3. Nc3 Bg7 4. e4 d6 5. Nf3 O-O 6. Be2 Nbd7 7. O-O c6 8. Bg5
h6 9. Bh4 e5 10. d5 c5 11. a3 g5 12. Bg3 Nh7 13. Nd2 Nb8 14. b4 Na6 15. Rb1 f5
16. f3 h5 17. Bf2 b6 18. Qa4 Nc7 19. bxc5 dxc5 20. Qc2 f4 21. Qd1 Rf6 22. Nb5
Rg6 23. Re1 g4 24. Nf1 gxf3 25. Bxf3 Ng5 26. Kh1 Nxb5 27. cxb5 Bh3 28. Bxh5 Nxe4
29. Bg3 Rxg3 30. Rxe4 Bxg2+ 31. Kg1 Bxe4+ 32. hxg3 Bxb1 33. Qxb1 fxg3 34. Nxg3
Qxd5 35. Nf5 Qe6 36. Qe4 Rf8 0-1

[Event "Wielkopolska III Liga Juniorow 2016"]
[Site "Gniezno"]
[Date "1899-12-30"]
[Round "6.5"]
[White "Wawrzyniak, Weronika"]
[Black "Nawrocka, Edyta"]
[Result "1-0"]
[WhiteTitle "I"]
[BlackTitle "II"]
[WhiteElo "1315"]
[BlackElo "1115"]

1. e4 e5 2. Nf3 Nc6 3. Bb5 Nf6 4. O-O Bc5 5. Re1 d6 6. h3 O-O 7. c3 Be6 8. d4 exd4
9. cxd4 Bb4 10. Bd2 Bxd2 11. Qxd2 Ne7 12. Nc3 d5 13. e5 Nd7 14. Bd3 c5 15. Rac1
Nc6 16. Bb1 cxd4 17. Nxd4 Ncxe5 18. Nxe6 fxe6 19. b3 Rf6 20. Nb5 Nc6 21. Re3 Qe7
22. Rce1 Nc5 23. Nd4 Re8 24. Nf3 Qd6 25. Ng5 h6 26. Nf3 Qf4 27. Qc1 Nd4 28. Qxc5
Nc6 29. Qc2 g6 30. g3 Qd6 31. Ne5 Ne7 32. Rf3 Ref8 33. Rxf6 Rxf6 34. Ng4 Rf8 35.
Nxh6+ Kg7 36. Ng4 Nf5 37. Qc3+ Kh7 38. Bxf5 gxf5 39. Ne5 f4 40. Qd3+ Kh8 41. Ng6+
Kg7 42. Nxf8 Kxf8 43. Qg6 fxg3 44. Rxe6 gxf2+ 45. Kxf2 Qf4+ 46. Ke2 Qh2+ 47. Kd3
Qxh3+ 48. Re3 Qf1+ 49. Kd2 Qf2+ 50. Re2 Qd4+ 51. Qd3 Qf4+ 52. Kd1 Qf1+ 53. Kc2
Qf6 54. Qxd5 Qg6+ 55. Kb2 Qf6+ 56. Qe5 Qc6 57. Qe7+ Kg8 58. Qe8+ Qxe8 59. Rxe8+
Kf7 60. Re2 a5 61. Kc3 Kf8 62. Kd4 b5 63. Re5 a4 64. bxa4 bxa4 65. Kd5 a3 66.
Kd6 Kf7 67. Re2 Kf8 68. Kd7 Kf7 69. Rf2+ Kg6 70. Ke6 Kg5 71. Ke5 Kg4 72. Ke4 Kg3
73. Rf7 Kg2 74. Ke3 Kg1 75. Ke2 Kg2 76. Rg7+ Kh3 77. Kf3 Kh4 78. Kf4 Kh5 79. Kf5
Kh6 80. Rg5 Kh7 81. Kf6 Kh6 82. Kf5 Kh7 83. Rg3 Kh6 84. Rg2 Kh7 85. Kf6 Kh8 86.
Kf7 Kh7 87. Rh2# 1-0

[Event "Wielkopolska III Liga Juniorow 2016"]
[Site "Gniezno"]
[Date "1899-12-30"]
[Round "6.8"]
[White "Waszkowiak, Kinga"]
[Black "Walkowski, Jonasz"]
[Result "0-1"]
[WhiteTitle "III"]
[BlackTitle "II"]
[WhiteElo "1022"]
[BlackElo "1497"]

1. d4 e6 2. f4 d5 3. e3 c5 4. c3 Nc6 5. Bd3 cxd4 6. exd4 Nf6 7. Nf3 Bd6 8. O-O
Bd7 9. Ne5 Qc7 10. Nd2 Ne7 11. Ndf3 a6 12. Ng5 O-O 13. Qe1 h6 14. Ngf3 Bb5 15.
Qd1 Bxd3 16. Qxd3 Ne4 17. Nd2 f5 18. Qh3 Bxe5 19. fxe5 Ng6 20. Nxe4 dxe4 21. Be3
Qf7 22. c4 f4 23. Qg4 Qf5 24. Qxf5 Rxf5 25. Bd2 e3 26. Bb4 Nf8 27. Bc3 Nd7 28.
Rf3 g5 29. g4 Rf7 30. d5 Nb6 31. b3 exd5 32. c5 Rc8 33. Bd4 Na8 34. b4 Nc7 35.
a4 Ne6 36. Bb2 Rfc7 37. Kf1 d4 38. Ke2 h5 39. h3 hxg4 40. hxg4 Rh7 41. Kd3 Rh2
42. Ba3 Kf7 43. Ke4 Rc6 44. Rff1 b6 45. Kd5 Rc8 46. Rh1 Rxh1 47. Rxh1 f3 48. Ke4
f2 49. Kf3 bxc5 50. bxc5 Nxc5 51. Ke2 Ne4 0-1

[Event "Wielkopolska III Liga Juniorow 2016"]
[Site "Gniezno"]
[Date "1899-12-30"]
[Round "6.9"]
[White "Lorenz, Rafal"]
[Black "Stachecki, Mikolaj"]
[Result "0-1"]
[WhiteTitle "II"]
[BlackTitle "II"]
[WhiteElo "1266"]
[BlackElo "1317"]

1. e4 e5 2. Nf3 Nc6 3. Bc4 Bc5 4. Nc3 d6 5. h3 Nf6 6. d3 h6 7. O-O Be6 8. Bb3 Qd7
9. Kh2 g5 10. Bxe6 Qxe6 11. Ng1 O-O-O 12. Be3 Rdg8 13. g3 h5 14. Bxc5 dxc5 15.
a3 Kb8 16. Rb1 Nd4 17. Nce2 Rh7 18. Nxd4 cxd4 19. c3 Rgh8 20. Rc1 Ng4+ 21. Kg2
Nf6 22. Qc2 dxc3 23. Qxc3 c6 24. Qd2 Rg7 25. Qe2 h4 26. g4 Rd8 27. Rc3 Rd6 28.
Rfc1 Rd8 29. b4 Rdg8 30. f3 Nd7 31. Qb2 Nb6 32. Qc2 f6 33. Ne2 Rc8 34. a4 Rgc7
35. Rb1 Qd6 36. Rc1 Qxb4 37. Rb1 Qxa4 38. Qxa4 Nxa4 39. Ra3 Nc5 40. Rba1 a6 41.
Rb1 Ka7 42. Nc1 Rd8 43. Kf2 Rcd7 44. Ke2 Ne6 45. Rab3 Nd4+ 46. Kd2 Nxb3+ 47. Rxb3
b5 48. Na2 c5 49. Kc2 c4 50. dxc4 bxc4 51. Rc3 Rd2+ 52. Kb1 Rb8+ 53. Ka1 Rbb2
54. Nc1 Rbc2 55. Rxc2 Rxc2 56. Na2 Rxa2+ 57. Kxa2 Kb6 58. Kb2 Kb5 59. Kc3 Kc5
60. Kc2 a5 61. Kc3 a4 62. Kb2 Kb4 63. Kc2 a3 64. Kc1 Kb3 65. Kb1 c3 66. Kc1 a2
67. Kd1 a1=Q+ 68. Ke2 Kc4 69. Kf2 Kd3 70. Kg2 Ke3 71. Kh2 Qe1 72. Kg2 Qg3+ 73.
Kh1 Kf2 74. f4 Qg2# 0-1

[Event "Wielkopolska III Liga Juniorow 2016"]
[Site "Gniezno"]
[Date "1899-12-30"]
[Round "6.10"]
[White "Rosenfeld, Noe"]
[Black "Grabsztunowicz, Agnieszka"]
[Result "1-0"]
[WhiteTitle "II"]
[BlackTitle "II"]
[WhiteElo "1273"]
[BlackElo "1009"]

1. e4 e5 2. Nf3 Nc6 3. Bb5 Nf6 4. d3 d6 5. Nc3 Be7 6. h3 Bd7 7. Bc4 O-O 8. Be3
Be6 9. Nd2 Bxc4 10. Nxc4 Qd7 11. Qf3 Nd4 12. Bxd4 exd4 13. Ne2 c5 14. O-O Bd8
15. Nf4 Qc6 16. Rfe1 Re8 17. Re2 Bc7 18. Rae1 Re7 19. Nd5 Nxd5 20. exd5 Qb5 21.
Rxe7 Rf8 22. Rxc7 Qb4 23. Re8 h6 24. Qxf7+ Kh7 25. Qxg7# 1-0

[Event "Wielkopolska III Liga Juniorow 2016"]
[Site "Gniezno"]
[Date "1899-12-30"]
[Round "6.11"]
[White "Janiszewska, Karolina"]
[Black "Nowak, Roksana"]
[Result "0-1"]
[WhiteTitle "III"]
[BlackTitle "II+"]
[WhiteElo "1006"]
[BlackElo "1258"]

1. e4 e5 2. Nf3 Nc6 3. Bc4 Bc5 4. d3 d6 5. h3 h6 6. Nc3 Nf6 7. O-O O-O 8. Be3 Bxe3
9. fxe3 Be6 10. Bb3 Bxb3 11. axb3 a6 12. Qd2 Qd7 13. Ne2 Ne7 14. c4 Ng6 15. Ng3
Qd8 16. b4 Nh7 17. b5 axb5 18. cxb5 b6 19. Ra6 Ng5 20. Qb4 Nxf3+ 21. Rxf3 Nh4
22. Rf2 Qg5 23. Nf5 Nxf5 24. exf5 Qxe3 25. Qc4 Qc5 26. Qb3 c6 27. Qa2 Rxa6 28.
Qxa6 Qxb5 29. Qa3 Qc5 30. Qb3 Ra8 31. Qd1 Qd4 32. Qf3 Ra1+ 33. Kh2 Qf4+ 34. Qxf4
exf4 35. Rxf4 Ra5 36. g4 Re5 37. Kg1 c5 38. Kf2 Kh7 39. d4 Rd5 40. Ke3 cxd4+ 41.
Rxd4 Rb5 42. Rxd6 Rxb2 43. Kf4 f6 44. Kg3 b5 45. Rd3 b4 46. Rd1 b3 47. Kf3 Rc2
48. Ke3 b2 49. Kd3 Rc1 50. Kd2 Rxd1+ 51. Kxd1 b1=Q+ 52. Ke2 Qb3 53. h4 Kg8 54.
g5 Kf7 55. gxh6 gxh6 56. h5 Ke7 57. Kd2 Kd6 58. Ke2 Ke5 59. Kd2 Ke4 60. Kc1 Qa2
61. Kd1 Kd3 62. Kc1 Qc2# 0-1

[Event "Wielkopolska III Liga Juniorow 2016"]
[Site "Gniezno"]
[Date "1899-12-30"]
[Round "6.12"]
[White "Kubiak, Aleksandra"]
[Black "Grabsztunowicz, Monika"]
[Result "1-0"]
[WhiteTitle "II"]
[BlackTitle "II"]
[WhiteElo "1267"]
[BlackElo "1047"]

1. b4 d5 2. Bb2 Bf5 3. Nf3 e6 4. a3 Nf6 5. e3 Bd6 6. c4 dxc4 7. Bxc4 Nc6 8. Nc3
e5 9. Nb5 Bg4 10. Be2 a6 11. Nxd6+ cxd6 12. Rc1 Rc8 13. O-O O-O 14. h3 Be6 15.
Ng5 Qd7 16. Nxe6 fxe6 17. Qb3 Kh8 18. Bc4 d5 19. Be2 Ne4 20. Qd1 Rf7 21. Bf3 Ng5
22. Bg4 Rcf8 23. d3 Rf6 24. Qe2 d4 25. exd4 exd4 26. Rc5 Nf7 27. Bc1 b6 28. Rc2
Qd5 29. Bf3 Qf5 30. Rxc6 Ng5 31. Bxg5 Qxg5 32. Bg4 Qd5 33. Rxe6 Rxe6 34. Qxe6
Qxe6 35. Bxe6 Rf6 36. Re1 g5 37. Bb3 Rd6 38. Re6 Rxe6 39. Bxe6 Kg7 40. Kf1 Kf6
41. Bc8 a5 42. bxa5 bxa5 43. Ba6 Ke5 44. Ke2 Kf4 45. g3+ Kf5 46. Kf3 h6 47. a4
h5 48. g4+ hxg4+ 49. hxg4+ Ke5 50. Kg3 Kf6 51. f4 gxf4+ 52. Kxf4 Kg6 53. Ke4 Kg5
54. Kxd4 Kxg4 55. Ke5 Kg5 56. d4 Kg6 57. Ke6 Kg7 58. Ke7 Kg6 59. d5 Kf5 60. d6
Ke5 61. d7 Kd4 62. d8=Q+ Kc5 63. Qd6# 1-0

[Event "Wielkopolska III Liga Juniorow 2016"]
[Site "Gniezno"]
[Date "1899-12-30"]
[Round "6.13"]
[White "Kus, Aleksander"]
[Black "Ciesinska, Weronika"]
[Result "0-1"]
[WhiteTitle "I"]
[BlackTitle "I"]
[WhiteElo "1873"]
[BlackElo "1697"]

1. e4 c5 2. Nf3 d6 3. d4 cxd4 4. Nxd4 Nf6 5. Nc3 g6 6. Be3 Bg7 7. f3 O-O 8. Qd2
Nc6 9. O-O-O d5 10. Nxc6 bxc6 11. exd5 Nxd5 12. Nxd5 cxd5 13. Bh6 e6 14. h4 Qf6
15. Bxg7 Qxg7 16. Kb1 a5 17. h5 Bd7 18. hxg6 fxg6 19. Bd3 Rfb8 20. c3 a4 21. Rh6
a3 22. b3 Ba4 23. Bc2 Rb7 24. Rdh1 Qf6 25. R1h4 Be8 26. f4 Rc8 27. Rh3 Rbc7 28.
f5 exf5 29. Qxd5+ Bf7 30. Qd2 Rxc3 31. Rxc3 Qxc3 32. Qxc3 Rxc3 33. Rh4 Be8 34.
Rb4 Bc6 35. Rb8+ Kg7 36. Rc8 Re3 37. Bxf5 Bxg2 38. Rc7+ Kh6 39. Bc8 Re1+ 40. Kc2
Ra1 41. b4 Rxa2+ 42. Kb3 Bd5+ 43. Kc3 Ra1 44. Kc2 a2 45. Ra7 Rb1 46. Bb7 Bxb7
47. Rxa2 Rxb4 48. Kd3 Rh4 49. Ke3 Rh3+ 50. Kf4 g5+ 51. Kg4 Bc8# 0-1

[Event "Wielkopolska III Liga Juniorow 2016"]
[Site "Gniezno"]
[Date "1899-12-30"]
[Round "6.14"]
[White "Kaluzny, Jan"]
[Black "Ciesielski, Marceli"]
[Result "1/2-1/2"]
[WhiteTitle "II"]
[BlackTitle "II"]
[WhiteElo "1425"]
[BlackElo "1169"]

1. e4 c5 2. Nf3 d6 3. d4 cxd4 4. Nxd4 Nf6 5. Nc3 a6 6. f3 b5 7. a3 Bb7 8. Be3 Nbd7
9. Be2 Rc8 10. Qd2 e6 11. O-O Be7 12. Kh1 O-O 13. Rac1 Nb6 14. Rfd1 Nc4 15. Bxc4
Rxc4 16. Nce2 Qd7 17. c3 Rfc8 18. Rc2 g6 19. Ng3 h5 20. Bg5 Kg7 21. e5 Nd5 22.
Bxe7 Qxe7 23. exd6 Qxd6 24. Ne4 Qe7 25. Qf2 f5 26. Ng3 Kf7 27. Rcd2 Qg5 28. Nb3
Kg8 29. Na5 R4c7 30. Ne2 Nf4 31. Nxb7 Rxb7 32. Nd4 Nd5 33. Ne2 Nf4 34. Nd4 Nd5
35. Ne2 1/2-1/2